| 000 | 00987nam a2200241 a 4500 | ||
|---|---|---|---|
| 001 | 41440 | ||
| 003 | BD-RjUL | ||
| 005 | 20211209053404.0 | ||
| 008 | 160530s1967 b ||||| |||| 00| 0 ben d | ||
| 020 | _cPRs. 4.00 | ||
| 035 | _a(BD-RjUL)41558 | ||
| 040 |
_aBD-RjUL _bben _cBD-RjUL _dBD-RjUL |
||
| 041 | _aben | ||
| 082 |
_223 _a297.09 _bHOM 1967 |
||
| 100 |
_aহোসেন, ইউসূফ _9127391 |
||
| 245 |
_aমধ্যযুগের পাক-ভারতীয় সংস্কৃতি / _cইউসূফ হোসেন ; অনুবাদ : ফারুক মাহমুদ |
||
| 260 |
_aঢাকা : _bবাঙলা একাডেমী, _c১৯৬৭ |
||
| 300 |
_a[৮], ১৬৯ পৃ. ; _c২৩ সেমি. |
||
| 650 |
_aইসলাম _xইতিহাস ও সমালোচনা _9118502 |
||
| 650 |
_aIslam _xHistory and Criticism _9118503 |
||
| 700 |
_aমাহমুদ, ফারুক, অনুবাদক _9127392 |
||
| 942 |
_2ddc _cBK |
||
| 999 |
_c41440 _d41440 |
||